Normal view
MARC view
- Nielsen, Kaj L
Entry Personal Name
001 - CONTROL NUMBER
- control field: 39242
003 - CONTROL NUMBER IDENTIFIER
- control field: NUST
005 - DATE AND TIME OF LATEST TRANSACTION
- control field: 20210314131358.0
008 - FIXED-LENGTH DATA ELEMENTS
- fixed length control field: 210314|| aca||aabn | a|a d
040 ## - CATALOGING SOURCE
- Original cataloging agency: NUST
- Transcribing agency: NUST
100 ## - HEADING--PERSONAL NAME
- Personal name: Nielsen, Kaj L
670 ## - SOURCE DATA FOUND
- Source citation: Work cat.: (NUST): Nielsen, Kaj L., Logarithmic and Trigonometric Tables to Five Places, 1943
